000 00933nam a2200253 a 4500
001 000010589
005 20240412074219.0
008 091008s2001 dr a 001 p spa d
020 _a9993401838
040 _aDO-SdBNP
_bspa
_cBNPHU
082 _aRD861.44
_bN124t
100 1 _aNacidit Perdomo, Ylonka
_d1965-
_925665
245 1 0 _aTriángulo en trébol =triangle in trefoil /
_cYlonka Nacidit Perdomo ; introducción y traducción Linda M. Rodríguez Guglielmoni.
246 3 1 _aTriangle in trefoil
260 _aSanto Domingo :
_bCCLEH,
_c2001.
300 _a105 P. :
_bil. ;
_c15 cm.
546 _aespañol e inglés
590 _aInventariado, 2020/BT
650 0 _aPoesía dominicana
_966
650 0 _aLiteratura dominicana.
_967
700 1 2 _aRodríguez Guglielmoni, Linda M.
_etr.
_925666
710 2 _aCrítica Canadiense Literaria sobre Escritoras Hispanoamericanas
_925667
910 _aValidado. Control de calidad MFF
999 _c10347
_d10347